000 00369nam a22001457a 4500
005 20250614151130.0
008 250614b |||||||| |||| 00| 0 eng d
020 _a9781565639423
050 _aBS475
_b2 HAY
100 _aHAYES H. JOHN
245 _aINTRODUCTION TO THE BIBLE
260 _aUSA
_bHENDRICKSON PUBLISHERS
_c2005
300 _axvi, 515p
942 _2lcc
_cBK
_n0
999 _c6497
_d6497